000
00256nam a22001097a 4500
999
_c
165918
_d
165918
082
_a
_b
100
_a
Aarsu
245
_a
Keral:
_b
kala sahithya aur samskriti/
_c
by Aarsu.
260
_a
Mathura:
_b
Jawahar Pustakalaya,
_c
2008.
650
_a
942
_c
BK